[Event "Offene Hessische Senioren Einzelmeisters"]
[Site "Bad Sooden- Allendorf"]
[Date "2011.05.03"]
[Round "4.30"]
[White "Perk, Egbert"]
[Black "Krebs, Dietmar"]
[Result "0-1"]
[WhiteElo "1984"]
[BlackElo "2118"]
[PlyCount "142"]
[EventDate "2011.??.??"]

1. d4 Nf6 2. c4 c5 3. Nf3 cxd4 4. Nxd4 Nc6 5. Nc3 g6 6. e3 Bg7 7. Be2 O-O 8.
O-O a6 9. Nxc6 dxc6 10. e4 Qa5 11. Be3 Rd8 12. Qc2 Ng4 13. Bf4 Be5 14. Bxe5
Qxe5 15. g3 Qh5 16. Bxg4 Bxg4 17. f3 Bh3 18. Rf2 Qc5 19. Qe2 Rd4 20. Na4 Qb4
21. b3 Rad8 22. Qe1 Qxe1+ 23. Rxe1 Rd1 24. Rfe2 Rxe1+ 25. Rxe1 Rd2 26. Nc5 Rg2+
27. Kh1 Rxa2 28. Nxb7 Bg2+ 29. Kg1 Bxf3 30. Nc5 a5 31. Re3 Bg4 32. Nd3 f6 33.
Nf2 Be6 34. Nd3 g5 35. Nc5 Bh3 36. Re1 e5 37. Nd3 Kg7 38. Nf2 g4 39. Rd1 a4 40.
bxa4 Rxa4 41. Rc1 Ra2 42. c5 Re2 43. Rd1 Kg6 44. Rc1 h5 45. Rd1 Rc2 46. Nd3 Rc4
47. Re1 Kf7 48. Kf2 Rc2+ 49. Re2 Rxe2+ 50. Kxe2 Bg2 51. Ke3 Ke6 52. Nb4 f5 53.
Nxc6 Bxe4 54. Nb4 Bb7 55. Kd3 f4 56. c6 Bc8 57. Ke4 f3 58. Ke3 Kd6 59. Nd3 Bf5
60. c7 Kxc7 61. Nxe5 Kd6 62. Nc4+ Kd5 63. Nd2 Ke5 64. Nc4+ Kf6 65. Nd2 Ke5 66.
Nc4+ Kd5 67. Nd2 Bg6 68. h3 gxh3 69. Nxf3 Be4 70. Nh2 Ke5 71. g4 h4 0-1

[Event "Offene Hessische Senioren Einzelmeisters"]
[Site "Bad Sooden- Allendorf"]
[Date "2011.05.03"]
[Round "4.31"]
[White "Haase, Wolfgang"]
[Black "Alefs, Willi"]
[Result "1-0"]
[WhiteElo "2100"]
[BlackElo "1907"]
[PlyCount "35"]
[EventDate "2011.??.??"]

1. e4 c5 2. Nc3 Nc6 3. Nf3 e6 4. d4 cxd4 5. Nxd4 Bc5 6. Be3 Nxd4 7. Bxd4 Bxd4
8. Qxd4 f6 9. O-O-O Ne7 10. Bc4 O-O 11. Bxe6+ Kh8 12. Bxd7 Qc7 13. Qd6 Qxd6 14.
Rxd6 Ng6 15. Rhd1 Ne5 16. Bb5 Nf7 17. R6d4 Be6 18. Bd7 1-0

[Event "Offene Hessische Senioren Einzelmeisters"]
[Site "Bad Sooden- Allendorf"]
[Date "2011.05.03"]
[Round "4.33"]
[White "Fleischer, Martin"]
[Black "Grabitz, Dr. Georg"]
[Result "1/2-1/2"]
[WhiteElo "1879"]
[BlackElo "2093"]
[PlyCount "72"]
[EventDate "2011.??.??"]

1. e4 g6 2. d4 Bg7 3. Nf3 d6 4. c3 Nf6 5. Bd3 O-O 6. O-O Nc6 7. b4 e6 8. b5 Ne7
9. a4 a5 10. Bb2 Nd7 11. Nbd2 b6 12. Re1 Bb7 13. Rb1 h6 $11 14. h3 e5 15. Nc4
Kh7 16. Ne3 Ng8 17. Nf1 Rc8 18. Ng3 Rb8 19. Nh2 h5 20. Ne2 Bh6 21. Bc1 Bxc1 22.
Qxc1 Qe7 23. Qe3 Rbe8 24. d5 Nc5 25. Bc2 Bc8 26. Nf3 f6 27. Nc1 Qg7 28. Nd3
Nxd3 29. Bxd3 Qh6 30. Nd2 Ne7 31. Qxh6+ Kxh6 32. c4 g5 33. f3 Ng6 34. Kh2 Kg7
35. g3 Kf7 36. Nf1 h4 1/2-1/2

[Event "Offene Hessische Senioren Einzelmeisters"]
[Site "Bad Sooden- Allendorf"]
[Date "2011.05.03"]
[Round "4.34"]
[White "Blosze, Winfried"]
[Black "Schwertel, Johann"]
[Result "0-1"]
[WhiteElo "1956"]
[BlackElo "2026"]
[PlyCount "96"]
[EventDate "2011.??.??"]

1. e4 d5 2. exd5 Qxd5 3. Nc3 Qe5+ 4. Be2 c6 5. d4 Qc7 6. Bf3 e6 7. Nge2 Nf6 8.
Bf4 Bd6 9. Qd2 Bxf4 10. Qxf4 Qxf4 11. Nxf4 O-O 12. O-O-O Na6 13. Ne4 Nxe4 14.
Bxe4 Nb4 15. c3 Nd5 16. Nd3 Rb8 17. f4 Bd7 18. Rdf1 Rbd8 19. h3 Bc8 20. g4 b6
21. f5 exf5 22. gxf5 Ba6 23. Rd1 Bxd3 24. Bxd3 Rfe8 25. h4 Re3 26. h5 h6 27.
Kd2 Rde8 28. Rde1 Rxe1 29. Rxe1 Rxe1 30. Kxe1 Kf8 31. Be4 Ke7 32. c4 Ne3 33. b3
Kd6 34. Ke2 Ng4 35. Bf3 Nf6 36. Ke3 c5 37. a3 Nd7 38. Bd5 f6 39. Be6 cxd4+ 40.
Kxd4 Nc5 41. b4 Na6 42. Bc8 Nb8 43. Be6 Nc6+ 44. Ke4 a5 45. b5 Ne5 46. Bd5 Kc5
47. Be6 Nxc4 48. Bxc4 Kxc4 0-1

[Event "Offene Hessische Senioren Einzelmeisters"]
[Site "Bad Sooden- Allendorf"]
[Date "2011.05.03"]
[Round "4.35"]
[White "Sailer, Hans-Peter"]
[Black "Kotlar, Alfred"]
[Result "0-1"]
[WhiteElo "1904"]
[BlackElo "2068"]
[PlyCount "64"]
[EventDate "2011.??.??"]

1. e4 g6 2. d4 Bg7 3. Nc3 d6 4. f4 e5 5. Nf3 exd4 6. Nxd4 Ne7 7. Be3 Nbc6 8.
Qd2 f5 9. Bb5 a6 10. Bxc6+ bxc6 11. O-O-O Bd7 12. exf5 Nxf5 13. Nxf5 Bxf5 14.
Bd4 O-O 15. Bxg7 Kxg7 16. h3 d5 17. g4 Be6 18. Rhf1 h6 19. b3 Qd6 20. Qd4+ Kh7
21. Na4 Rae8 22. Nc5 Bc8 23. Kb1 Re7 24. Rf2 Rfe8 25. Rfd2 a5 26. a4 Re1 27.
Kb2 R8e3 28. Rxe1 Rxe1 29. Rf2 Qe7 30. f5 gxf5 31. gxf5 Qg5 32. f6 Qc1+ 0-1

[Event "Offene Hessische Senioren Einzelmeisters"]
[Site "Bad Sooden- Allendorf"]
[Date "2011.05.03"]
[Round "4.36"]
[White "Gunnarson, Leif"]
[Black "Nagorni, Walter"]
[Result "1-0"]
[WhiteElo "1745"]
[BlackElo "2108"]
[PlyCount "159"]
[EventDate "2011.??.??"]

1. e4 c5 2. Nf3 Nc6 3. d4 cxd4 4. Nxd4 g6 5. Nc3 Bg7 6. Be3 Nf6 7. Be2 O-O 8.
O-O d5 9. exd5 Nb4 10. Bf3 Nfxd5 11. Nxd5 Nxd5 12. Bxd5 Qxd5 13. c3 e5 14. Nb3
Qc6 15. Qe2 b6 16. Rfd1 Be6 17. Nd2 h6 18. c4 Kh7 19. b3 f5 20. f3 f4 21. Bf2
e4 22. Nxe4 Bxa1 23. Rd6 Qc8 24. Rxe6 Bg7 25. Nd6 Qd7 26. c5 bxc5 27. Bxc5 Qc6
28. b4 Rad8 29. Nc4 Rd1+ 30. Kf2 Qa4 31. Bxf8 Bd4+ 32. Ne3 Bxe3+ 33. Rxe3 fxe3+
34. Qxe3 Qxa2+ 35. Kg3 Qf7 36. Qxh6+ Kg8 37. Bc5 Rd5 38. Qe3 a5 39. Kf2 axb4
40. Bxb4 Rd7 41. Bc3 Rd5 42. Qb6 g5 43. Qb8+ Kh7 44. Qh8+ Kg6 45. g4 Qa7+ 46.
Kg2 Qa2+ 47. Kh3 Kf7 48. Qf6+ Ke8 49. Qe6+ Kd8 50. Bf6+ Kc7 51. Bxg5 Qc4 52.
Kg3 Qc5 53. Qe7+ Qxe7 54. Bxe7 Kd7 55. Bh4 Ke6 56. Kf4 Rd4+ 57. Ke3 Ra4 58. Bg3
Ra3+ 59. Kf4 Kf6 60. g5+ Kg6 61. Kg4 Ra4+ 62. f4 Rc4 63. h4 Ra4 64. h5+ Kg7 65.
Be1 Rc4 66. Ba5 Kf7 67. Bd8 Rd4 68. Bf6 Rc4 69. Be5 Rc1 70. Kf5 Rh1 71. h6 Rh5
72. Kg4 Rh1 73. f5 Rg1+ 74. Bg3 Rh1 75. g6+ Kg8 76. h7+ Kf8 77. Be5 Rg1+ 78.
Kh5 Rh1+ 79. Kg5 Rg1+ 80. Kf6 1-0

[Event "Offene Hessische Senioren Einzelmeisters"]
[Site "Bad Sooden- Allendorf"]
[Date "2011.05.03"]
[Round "4.37"]
[White "Fleischer, Matthias"]
[Black "Rychlik, Kurt"]
[Result "0-1"]
[WhiteElo "1892"]
[BlackElo "2106"]
[PlyCount "62"]
[EventDate "2011.??.??"]

1. d4 Nf6 2. c4 d6 3. Nc3 g6 4. e4 Bg7 5. h3 Nbd7 6. Be3 O-O 7. Nf3 e5 8. d5
Nc5 9. Nd2 a5 10. a3 Bd7 11. b4 axb4 12. axb4 Na6 13. Rb1 Nh5 14. Ne2 f5 15. f3
fxe4 16. Nxe4 Bf5 17. N2c3 b6 18. Bd3 Nf4 19. Qd2 Bh6 20. Bxf4 Bxf4 21. Qf2 Qe7
22. O-O Nb8 23. Nb5 Nd7 24. Ra1 Bxe4 25. Bxe4 Nf6 26. g3 Nxe4 27. fxe4 Rxa1 28.
Rxa1 Qg5 29. Kh1 Bxg3 30. Qe2 Rf2 31. Qg4 Rh2+ 0-1

[Event "Offene Hessische Senioren Einzelmeisters"]
[Site "Bad Sooden- Allendorf"]
[Date "2011.05.03"]
[Round "4.38"]
[White "Gebuhr, Günter"]
[Black "Schlachetka, Werner"]
[Result "0-1"]
[WhiteElo "1951"]
[BlackElo "2091"]
[PlyCount "64"]
[EventDate "2011.??.??"]

1. e4 c5 2. Nf3 d6 3. d4 cxd4 4. Nxd4 Nf6 5. Nc3 a6 6. Bg5 e6 7. Qd2 Be7 8.
O-O-O Nbd7 9. f4 Qc7 10. Be2 b5 11. Bf3 Bb7 12. Rhe1 Nb6 13. e5 dxe5 14. fxe5
Bxf3 15. gxf3 Nc4 16. Qg2 Nh5 17. Bxe7 Qxe7 18. f4 O-O 19. f5 Qb4 20. Nb3 Rac8
21. Rd4 Rfd8 22. a3 Qf8 23. Qg5 Rxd4 24. Nxd4 Qc5 25. Nb3 Qf2 26. Rd1 Qf4+ 27.
Qxf4 Nxf4 28. Rd4 Ng2 29. Nc5 exf5 30. Nd5 Rxc5 31. Nf4 g5 32. Nxg2 Rxe5 0-1

[Event "Offene Hessische Senioren Einzelmeisters"]
[Site "Bad Sooden- Allendorf"]
[Date "2011.05.03"]
[Round "4.39"]
[White "Burkardt, Robert"]
[Black "Heinzel, Peter"]
[Result "0-1"]
[WhiteElo "1834"]
[BlackElo "2078"]
[PlyCount "102"]
[EventDate "2011.??.??"]

1. e4 c6 2. d4 d5 3. exd5 cxd5 4. Nf3 Nf6 5. c3 Nc6 6. h3 e6 7. Bg5 Be7 8. Nbd2
h6 9. Be3 Bd6 10. Bd3 Bd7 11. O-O Rc8 12. Nh2 Qc7 13. f4 O-O 14. Ng4 Nxg4 15.
Qxg4 Ne7 16. Qh4 Nf5 17. Bxf5 exf5 18. Rf3 Qd8 19. Qxd8 Rcxd8 20. Re1 Rfe8 21.
g3 Bb5 22. Nb3 b6 23. Nc1 Re4 24. Bd2 Rde8 25. Rfe3 f6 26. Kf2 g5 27. Rxe4 fxe4
28. f5 h5 29. g4 Kg7 30. Rh1 hxg4 31. hxg4 Bf4 32. Be3 Bd6 33. Ne2 Bc4 34. a3
Bxe2 35. Kxe2 Rc8 36. Bd2 b5 37. Be3 a5 38. Bd2 Bf4 39. Rf1 Bxd2 40. Kxd2 Rh8
41. Rf2 Rh3 42. Rg2 Kf7 43. Kc2 Ke7 44. b4 a4 45. Kb2 Kd6 46. Kc2 Rh4 47. Kb2
Ke7 48. Kc2 Kf7 49. Kb2 Rh1 50. Kc2 Rf1 51. Kb2 e3 0-1

[Event "Offene Hessische Senioren Einzelmeisters"]
[Site "Bad Sooden- Allendorf"]
[Date "2011.05.03"]
[Round "4.40"]
[White "Mentel, Dr. Jürgen"]
[Black "Reimann, Günther"]
[Result "1/2-1/2"]
[WhiteElo "2129"]
[BlackElo "1959"]
[PlyCount "48"]
[EventDate "2011.??.??"]

1. e4 e6 2. d3 d5 3. Nd2 Nf6 4. Ngf3 Be7 5. g3 O-O 6. Bg2 Nc6 7. O-O e5 8. exd5
Nxd5 9. Nc4 f6 10. Ne3 Be6 11. c3 Qd7 12. Qe2 Rad8 13. Rd1 Rfe8 14. Nxd5 Bxd5
15. Be3 a6 16. Qf1 Bf7 17. Ne1 Bh5 18. Rd2 Bf8 19. f3 Bf7 20. b3 Ne7 21. Rc2 b5
22. Rd1 Nd5 23. Bf2 c5 24. a3 Bg6 1/2-1/2

[Event "Offene Hessische Senioren Einzelmeisters"]
[Site "Bad Sooden- Allendorf"]
[Date "2011.05.03"]
[Round "4.41"]
[White "Schmitthöfer, Herbert"]
[Black "Romanow, Werner"]
[Result "0-1"]
[WhiteElo "1914"]
[BlackElo "2097"]
[PlyCount "87"]
[EventDate "2011.??.??"]

1. d4 Nf6 2. c4 c5 3. e3 cxd4 4. exd4 d5 5. Nf3 Nc6 6. cxd5 Nxd5 7. Bc4 e6 8.
O-O Nb6 9. Bb5 Bd7 10. Nc3 a6 11. Bxc6 Bxc6 12. Ne5 Rc8 13. Be3 Be7 14. Nxc6
Rxc6 15. Qg4 O-O 16. Rfd1 Kh8 17. Qe2 Nd5 18. Ne4 Nxe3 19. fxe3 f5 20. Nc5 Bxc5
21. dxc5 Qa5 22. Rd7 Qxc5 23. Rxb7 Rd8 24. b4 Qe5 25. Rf1 Rcd6 26. Rc1 h6 27.
Rbc7 Rd2 28. Qf3 Rxa2 29. Rc8 Rxc8 30. Rxc8+ Kh7 31. Rc1 Qb2 32. Rf1 Qxb4 33.
h3 a5 34. g4 Qb8 35. Rf2 Rxf2 36. Qxf2 Qb1+ 37. Kh2 fxg4 38. hxg4 Qe4 39. Kh3
a4 40. Qd2 Qf3+ 41. Kh2 Qxg4 42. Qc2+ Qf5 43. Qxa4 Qf2+ 44. Kh1 0-1

[Event "Offene Hessische Senioren Einzelmeisters"]
[Site "Bad Sooden- Allendorf"]
[Date "2011.05.03"]
[Round "4.42"]
[White "Duijker, Bert"]
[Black "Hoffmann, Erich"]
[Result "1-0"]
[WhiteElo "1867"]
[BlackElo "1914"]
[PlyCount "81"]
[EventDate "2011.??.??"]

1. Nf3 Nf6 2. c4 g6 3. d4 Bg7 4. Nc3 O-O 5. g3 c5 6. Bg2 cxd4 7. Nxd4 Nc6 8.
Nxc6 dxc6 9. Qc2 Qd4 10. O-O Qxc4 11. e4 Ng4 12. h3 Nh6 13. Be3 f6 14. b3 Qf7
15. Qd2 g5 16. g4 e5 17. Bc5 Re8 18. Rfd1 Be6 19. Qc2 Bf8 20. Na4 Qc7 21. Bxf8
Kxf8 22. Nc5 Bf7 23. Rd7 Qc8 24. Rxb7 Rd8 25. Rd1 Ng8 26. Bf1 Rxd1 27. Qxd1 Qe8
28. Qd6+ Kg7 29. Bc4 Nh6 30. Ne6+ Kg6 31. Nc7 Qd8 32. Qxc6 Qd1+ 33. Bf1 Rd8 34.
Nd5 Bxd5 35. exd5 Qxd5 36. Qxd5 Rxd5 37. Rxa7 Nf7 38. Rxf7 Kxf7 39. Bc4 Ke6 40.
Bxd5+ Kxd5 41. f3 1-0

[Event "Offene Hessische Senioren Einzelmeisters"]
[Site "Bad Sooden- Allendorf"]
[Date "2011.05.03"]
[Round "4.43"]
[White "Alvarez, Luis"]
[Black "Lewald, Stephan"]
[Result "1/2-1/2"]
[WhiteElo "1869"]
[BlackElo "2046"]
[PlyCount "60"]
[EventDate "2011.??.??"]

1. e4 c5 2. c3 b6 3. d4 Bb7 4. d5 Nf6 5. Bd3 c4 6. Bc2 e6 7. dxe6 fxe6 8. Qe2
b5 9. Nf3 Be7 10. O-O O-O 11. Bg5 Nc6 12. e5 Ne8 13. Qe4 g6 14. Qh4 Rxf3 15.
Bxe7 Qxe7 16. Qxe7 Nxe7 17. gxf3 Bxf3 18. Nd2 Bc6 19. a4 Nc7 20. axb5 Bxb5 21.
Ba4 Ba6 22. Ne4 Nf5 23. Nf6+ Kg7 24. Nxd7 Bb7 25. Nf6 Nh4 26. Bd1 Nd5 27. Nxd5
Bxd5 28. f4 Kh6 29. Be2 Rb8 30. Ra2 Rb7 1/2-1/2

[Event "Offene Hessische Senioren Einzelmeisters"]
[Site "Bad Sooden- Allendorf"]
[Date "2011.05.03"]
[Round "4.45"]
[White "Bendisch, Dr. Jürgen"]
[Black "Papapostolou, Christo"]
[Result "1-0"]
[WhiteElo "1963"]
[BlackElo "2105"]
[PlyCount "61"]
[EventDate "2011.??.??"]

1. d4 Nf6 2. Nf3 g6 3. Bf4 Bg7 4. c3 d6 5. e3 O-O 6. Bd3 c5 7. dxc5 dxc5 8. Qc2
Nc6 9. Nbd2 Nd5 10. a3 e5 11. Bg3 f5 12. Bc4 Kh8 13. O-O-O Nb6 14. Ba2 Qe7 15.
h3 Be6 16. Bxe6 Qxe6 17. Rhe1 c4 18. Ng5 Qe7 19. h4 h6 20. Ngf3 Rad8 21. Nf1
Na5 22. Rxd8 Nb3+ 23. Kb1 Qxd8 24. Bxe5 Bxe5 25. Nxe5 Qd6 26. f4 Kg7 27. Rd1
Qc7 28. g4 Rd8 29. Rxd8 Qxd8 30. gxf5 Qxh4 31. Qe2 {
weitere 29 Züge nicht rekonstruierbar(fehlende Notation)} 1-0

[Event "Offene Hessische Senioren Einzelmeisters"]
[Site "Bad Sooden- Allendorf"]
[Date "2011.05.03"]
[Round "4.46"]
[White "Kalix, Wolfgang"]
[Black "Micheel, Peter"]
[Result "1/2-1/2"]
[WhiteElo "2064"]
[BlackElo "1989"]
[PlyCount "53"]
[EventDate "2011.??.??"]

1. e4 e6 2. d4 d5 3. Nc3 Nc6 4. Nf3 Nf6 5. Bg5 Be7 6. Bxf6 Bxf6 7. e5 Be7 8. a3
f6 9. Bd3 fxe5 10. Nxe5 Nxe5 11. dxe5 O-O 12. O-O Rf7 13. f4 g6 14. Ne2 c5 15.
c3 Qb6 16. Kh1 Bd7 17. Rb1 Bb5 18. Bxb5 Qxb5 19. Ng3 Bh4 20. Ne2 Be7 21. Rf3
Raf8 22. Qd3 Qxd3 23. Rxd3 c4 24. Rf3 Bc5 25. Rd1 Kh8 26. h4 h5 27. g3 1/2-1/2

[Event "Offene Hessische Senioren Einzelmeisters"]
[Site "Bad Sooden- Allendorf"]
[Date "2011.05.03"]
[Round "4.47"]
[White "Oldach, Ehrenfried"]
[Black "Scholze, Roland"]
[Result "1-0"]
[WhiteElo "2033"]
[BlackElo "1986"]
[PlyCount "71"]
[EventDate "2011.??.??"]

1. f4 Nf6 2. Nf3 d6 3. b3 g6 4. Bb2 Bg7 5. e3 O-O 6. Be2 Nc6 7. O-O a6 8. a4
Bd7 9. Na3 e6 10. Qe1 Qe7 11. h3 Nh5 12. Bxg7 Nxg7 13. g4 e5 14. fxe5 Nxe5 15.
Nxe5 Qxe5 16. Nc4 Qe7 17. Bf3 Rab8 18. Qg3 Kh8 19. Na5 Bc8 20. Rf2 Qg5 $11 21.
Nc4 Be6 22. h4 Qf6 23. Raf1 Bxc4 24. Be2 Qe6 25. Bxc4 d5 26. Bd3 Rbc8 27. Rf6
Qd7 28. Qf3 Rce8 29. Kh1 Re7 30. h5 Ne8 31. hxg6 hxg6 32. Rxg6 f6 33. Rh6+ Kg8
34. Bf5 Qc6 35. Qh3 Rg7 36. Qh5 1-0

[Event "Offene Hessische Senioren Einzelmeisters"]
[Site "Bad Sooden- Allendorf"]
[Date "2011.05.03"]
[Round "4.48"]
[White "von Janta, Lothar"]
[Black "Ahlberg, Günter"]
[Result "0-1"]
[WhiteElo "1993"]
[BlackElo "2052"]
[PlyCount "51"]
[EventDate "2011.??.??"]

1. c4 c6 2. Nc3 d5 3. cxd5 cxd5 4. d4 Nc6 5. Bg5 h6 6. Bh4 Qa5 7. e3 e6 8. Nf3
Bb4 9. Qd2 Bd7 10. Be2 Rc8 11. O-O Nge7 12. a3 Bxc3 13. Qxc3 Qxc3 14. bxc3 Nf5
15. Bg3 Nxg3 16. fxg3 O-O 17. Rac1 Na5 18. Ne5 Be8 19. Bd1 f6 20. Ng4 Rf7 21.
Nf2 Rfc7 22. e4 Rxc3 23. Rb1 Rxa3 24. exd5 exd5 25. Re1 Bc6 26. Bc2 0-1

[Event "Offene Hessische Senioren Einzelmeisters"]
[Site "Bad Sooden- Allendorf"]
[Date "2011.05.03"]
[Round "4.49"]
[White "Kleist, Werner"]
[Black "Schütze, Manfred"]
[Result "1/2-1/2"]
[WhiteElo "1900"]
[BlackElo "1913"]
[PlyCount "20"]
[EventDate "2011.??.??"]

1. b4 d5 2. b5 Nf6 3. Bb2 e6 4. e3 Bd6 5. Nf3 Nbd7 6. Be2 c6 7. a4 O-O 8. O-O
Re8 9. Ba3 Bxa3 10. Nxa3 e5 1/2-1/2

[Event "Offene Hessische Senioren Einzelmeisters"]
[Site "Bad Sooden- Allendorf"]
[Date "2011.05.03"]
[Round "4.50"]
[White "Schumacher, Helmut"]
[Black "Meyer, Walter"]
[Result "1-0"]
[WhiteElo "2085"]
[BlackElo "1889"]
[PlyCount "55"]
[EventDate "2011.??.??"]

1. d4 g6 2. e4 Bg7 3. Nc3 e6 4. g3 c6 5. Bg2 d5 6. Nge2 Nd7 7. O-O Ne7 8. Be3
O-O 9. Qd2 dxe4 10. Nxe4 Nd5 11. Bh6 N7f6 12. Nxf6+ Nxf6 13. Bxg7 Kxg7 14. Rad1
Nd5 15. c4 Nb6 16. b3 Qf6 17. Nc3 Rd8 18. Ne4 Qe7 19. Qc3 f6 20. Rfe1 Kf7 21.
Qe3 Kg7 22. Nc5 Re8 23. f4 Kf7 24. Qf2 Qc7 25. Re2 Nd7 26. Ne4 a5 27. c5 b6 28.
Nd6+ 1-0

[Event "Offene Hessische Senioren Einzelmeisters"]
[Site "Bad Sooden- Allendorf"]
[Date "2011.05.03"]
[Round "4.51"]
[White "Krotofil, Kurt"]
[Black "Draxler, Gottfried"]
[Result "0-1"]
[WhiteElo "2039"]
[BlackElo "1813"]
[PlyCount "118"]
[EventDate "2011.??.??"]

1. d4 Nf6 2. c4 e6 3. Nc3 d5 4. Nf3 c6 5. e3 Nbd7 6. Bd3 dxc4 7. Bxc4 Nd5 8. e4
N5b6 9. Bd3 Be7 10. Bf4 a6 11. O-O c5 12. Rc1 Nf6 13. Bb1 O-O 14. Ne2 Nbd7 15.
Qc2 g6 16. Rfd1 Qa5 17. Nd2 cxd4 18. Nxd4 Qh5 19. N4f3 e5 20. Bg3 Ng4 21. Qc3
Bf6 22. Nc4 Bg5 23. Nxg5 Qxg5 24. f3 Ngf6 25. Nxe5 Nxe5 26. Bxe5 Nh5 27. Rc2
Be6 28. Rcd2 Rac8 29. Qd4 f6 30. Bd6 Rf7 31. Qf2 Rd7 32. Bb4 Nf4 33. Qg3 Ne2+
34. Rxe2 Qxg3 35. hxg3 Rxd1+ 36. Re1 Rxe1+ 37. Bxe1 Rc1 38. Kf2 Rxb1 39. Bc3
Kf7 40. a3 Bc4 41. g4 Rd1 42. Kg3 g5 43. Kf2 Ke6 44. Kg3 Rf1 45. Kh2 Be2 46.
Kg3 Rh1 47. Kf2 Bd1 48. Kg3 h5 49. gxh5 Rxh5 50. Kg4 Rh4+ 51. Kg3 f5 52. exf5+
Kxf5 53. Kf2 Rh7 54. g4+ Kg6 55. Kg3 Rf7 56. Kg2 Rxf3 57. Be5 Re3 58. Bh8 Rd3
59. Be5 Bxg4 0-1

[Event "Offene Hessische Senioren Einzelmeisters"]
[Site "Bad Sooden- Allendorf"]
[Date "2011.05.03"]
[Round "4.52"]
[White "Klüver, Horst"]
[Black "Schlag, Franz"]
[Result "0-1"]
[WhiteElo "1902"]
[BlackElo "2110"]
[PlyCount "108"]
[EventDate "2011.??.??"]

1. e4 e5 2. Nf3 d6 3. Nc3 c6 4. d4 Qc7 5. d5 Bg4 6. Be2 Nd7 7. Nd2 Bxe2 8. Qxe2
Ne7 9. O-O Ng6 10. g3 Be7 11. Nf3 O-O 12. Be3 a6 13. Ne1 f5 14. exf5 Rxf5 15.
Rd1 Rf7 16. Ng2 Nf6 17. f4 Nxd5 18. Nxd5 cxd5 19. f5 Nf8 20. Rxd5 Qc6 21. Rd3
Qb5 22. Qd2 Rc8 23. Rb3 Qc6 24. Rc3 Qd7 25. Rxc8 Qxc8 26. Qd5 Qc6 27. c4 Nd7
28. b3 Qxd5 29. cxd5 Nf6 30. Rd1 Bd8 31. h3 h6 32. g4 Kh7 33. Kh2 Rc7 34. Bb6
Rc8 35. Bxd8 Rxd8 36. Rd3 Rc8 37. Ne3 b5 38. a4 Rc1 39. axb5 axb5 40. Kg2 e4
41. Rd4 Rc3 42. Kf2 Rxb3 43. h4 Rb2+ 44. Kg3 Re2 45. Kf4 Rf2+ 46. Kg3 Rf3+ 47.
Kg2 Rxe3 48. g5 hxg5 49. hxg5 Nh5 50. Rb4 Rg3+ 51. Kh2 Rxg5 52. Rxb5 Rxf5 53.
Rb4 Nf6 54. Rb3 Rxd5 0-1

[Event "Offene Hessische Senioren Einzelmeisters"]
[Site "Bad Sooden- Allendorf"]
[Date "2011.05.03"]
[Round "4.53"]
[White "Krüger, Bernhard"]
[Black "Gudat, Alfons"]
[Result "0-1"]
[WhiteElo "1789"]
[BlackElo "2051"]
[PlyCount "124"]
[EventDate "2011.??.??"]

1. d4 Nf6 2. Nf3 e6 3. Bg5 c5 4. e3 Be7 5. Bxf6 Bxf6 6. Bd3 O-O 7. O-O d5 8. c3
Nd7 9. Nbd2 Qb6 10. Rb1 e5 11. dxe5 Nxe5 12. Nxe5 Bxe5 13. Qh5 f5 14. Nf3 g6
15. Qh4 Bg7 16. Qa4 Qd6 17. Rbd1 Qe7 18. Rfe1 a6 19. Qc2 b5 20. Bf1 Bb7 21. b3
Rac8 22. c4 dxc4 23. bxc4 b4 24. Qa4 Rc7 25. Re2 Bc3 26. Nd2 Rd8 27. Nb1 Rxd1
28. Qxd1 Bf6 29. Rd2 Bc6 30. Qe2 Be4 31. Rd1 Rd7 32. Rxd7 Qxd7 33. Nd2 Bc6 34.
Nb3 Be7 35. Qb2 Qc7 36. Qd2 a5 37. Nc1 a4 38. Be2 Qd6 39. Qxd6 Bxd6 40. Bd3 Be5
41. Bc2 Kf7 42. Nd3 Bd6 43. f3 Ke8 44. Kf2 Kd8 45. g3 Kc7 46. Nb2 a3 47. Nd3
Kb6 48. Ke2 Ka5 49. f4 Ba4 50. Kd2 b3 51. Bb1 b2 52. Kc3 Be7 53. Kd2 Be8 54.
Nf2 Kb4 55. Kd3 Bf7 56. e4 Bxc4+ 57. Kd2 fxe4 58. Nxe4 Bd5 59. Nc3 Bc6 60. f5
Bg5+ 61. Kc2 gxf5 62. h4 Bf6 0-1

[Event "Offene Hessische Senioren Einzelmeisters"]
[Site "Bad Sooden- Allendorf"]
[Date "2011.05.03"]
[Round "4.54"]
[White "Kneschke, Hansjürgen"]
[Black "Tomas, Johann"]
[Result "1-0"]
[WhiteElo "1871"]
[BlackElo "1914"]
[PlyCount "120"]
[EventDate "2011.??.??"]

1. e4 e5 2. Nf3 d6 3. d4 exd4 4. Qxd4 Nc6 5. Bb5 Bd7 6. Qe3 Nge7 7. Nc3 a6 8.
Ba4 Ng6 9. Bxc6 Bxc6 10. Bd2 Be7 11. O-O O-O 12. Nd4 Bd7 13. Nd5 c6 14. Nxe7+
Qxe7 15. Rfe1 Rae8 16. Qg3 Qe5 17. Qxe5 Nxe5 18. Rad1 Bg4 19. f3 Bh5 20. Bf4 f6
21. Bxe5 dxe5 22. Nb3 b6 23. Rd6 Rc8 24. Red1 Bf7 25. Nc1 b5 26. Nd3 a5 27. Nc5
a4 28. a3 h6 29. Kf2 Be8 30. Ke3 Rf7 31. Kd3 Re7 32. Kc3 Kf7 33. Kb4 Rec7 34.
Rd8 Rxd8 35. Rxd8 Ke7 36. Rb8 Ra7 37. b3 axb3 38. cxb3 Bf7 39. a4 bxa4 40. bxa4
Kd6 41. Rb7 Rxb7+ 42. Nxb7+ Kc7 43. Nc5 g6 44. a5 Be8 45. Ne6+ Kb7 46. Kc5 Bd7
47. Nd8+ Kc7 48. a6 Bc8 49. a7 Bb7 50. Nxb7 Kxb7 51. a8=Q+ Kxa8 52. Kxc6 f5 53.
Kd5 fxe4 54. Kxe4 Kb8 55. Kxe5 Kc8 56. Kf6 g5 57. Kg6 Kd8 58. Kxh6 g4 59. fxg4
Ke7 60. g5 Kf8 1-0

[Event "Offene Hessische Senioren Einzelmeisters"]
[Site "Bad Sooden- Allendorf"]
[Date "2011.05.03"]
[Round "4.55"]
[White "Höllger, Herbert"]
[Black "Ninic, Milutin"]
[Result "1/2-1/2"]
[WhiteElo "2077"]
[BlackElo "1890"]
[PlyCount "36"]
[EventDate "2011.??.??"]

1. d4 Nf6 2. c4 d6 3. Nc3 g6 4. e4 Bg7 5. Nge2 O-O 6. Bg5 c6 7. Qd2 a6 8. a4
Nbd7 9. f3 Rb8 10. Nc1 Re8 11. Be2 Nf8 12. O-O Ne6 13. Be3 c5 14. dxc5 Nxc5 15.
b4 Nfxe4 16. Nxe4 Nxe4 17. fxe4 Bxa1 18. a5 b6 1/2-1/2

[Event "Offene Hessische Senioren Einzelmeisters"]
[Site "Bad Sooden- Allendorf"]
[Date "2011.05.03"]
[Round "4.56"]
[White "Kühn, Peter"]
[Black "Claus, Joachim"]
[Result "1-0"]
[WhiteElo "1993"]
[BlackElo "1855"]
[PlyCount "81"]
[EventDate "2011.??.??"]

1. e4 e5 2. Nf3 Nc6 3. d4 exd4 4. Nxd4 Qf6 5. Be3 Bc5 6. c3 Nxd4 7. cxd4 Bb4+
8. Nc3 Qg6 9. f3 Ne7 10. Qb3 Bxc3+ 11. bxc3 O-O 12. a4 a5 13. Ra2 b6 14. c4 d6
15. Bd3 Qf6 16. O-O Nc6 17. d5 Nb4 18. Raf2 Qe7 19. Bb1 Bd7 20. Bd4 Qe8 21. Qc3
f6 22. f4 Qe7 23. e5 fxe5 24. fxe5 Rxf2 25. Rxf2 Rf8 26. Rxf8+ Qxf8 27. exd6
cxd6 28. Bxb6 Qb8 29. Qe3 Na6 30. Bc2 Nb4 31. Be4 Bxa4 32. Bxa5 Nc2 33. Bxc2
Bxc2 34. Qe6+ Kf8 35. h3 Qa7+ 36. Kh2 Qxa5 37. Qxd6+ Ke8 38. Qe6+ Kf8 39. d6
Bg6 40. d7 Qc7+ 41. g3 1-0

[Event "Offene Hessische Senioren Einzelmeisters"]
[Site "Bad Sooden- Allendorf"]
[Date "2011.05.03"]
[Round "4.57"]
[White "van Houten, Henk"]
[Black "Türtmann, Dieter"]
[Result "1/2-1/2"]
[WhiteElo "1839"]
[BlackElo "1973"]
[PlyCount "78"]
[EventDate "2011.??.??"]

1. b3 c5 2. c4 Nc6 3. Bb2 e5 4. e3 d6 5. d3 g6 6. a3 Bg7 7. Nc3 Nge7 8. Nf3 O-O
9. g3 f5 10. Bg2 Kh8 11. Ne2 Be6 12. Ra2 Qc7 13. O-O Rab8 14. d4 Bg8 15. d5 Nd8
16. a4 Nc8 17. Nd2 a6 18. f4 e4 19. Bxg7+ Qxg7 20. Qa1 Rf6 21. g4 Rf7 22. Qxg7+
Rxg7 23. g5 b5 24. axb5 axb5 25. Rfa1 Rgb7 26. Bf1 b4 27. h4 Bf7 28. Ng3 Be8
29. Bh3 Bd7 30. h5 Kg7 31. Ra8 Nb6 32. Rxb8 Rxb8 33. Ra7 Rb7 34. Ra6 Nf7 35.
h6+ Kf8 36. Kg2 Ke7 37. Kf2 Nc8 38. Bg2 Ra7 39. Rxa7 Nxa7 1/2-1/2